Účtovanie stravných lístkov

Účtovanie obratu potravín a stravných lístkov vo vlastnom stravovacom zariadení. Príklad účtovania. Účtovanie stravných lístkov pri využívaní cudzieho stravovacieho zariadenia. Schematické zobrazenie účtovania.

Guardado en:
Detalles Bibliográficos
Autor principal: Hvoždarová, Jana
Formato: Capítulo de libro
Lenguaje:eslovaco
Materias:
Etiquetas: Agregar Etiqueta
Sin Etiquetas, Sea el primero en etiquetar este registro!

MARC

LEADER 00000naa a2200000 4500
001 r021667
005 20230912111525.4
041 0 |a slo 
044 |a SK 
245 1 0 |a Účtovanie stravných lístkov  |c Jana Hvoždarová 
520 |a Účtovanie obratu potravín a stravných lístkov vo vlastnom stravovacom zariadení. Príklad účtovania. Účtovanie stravných lístkov pri využívaní cudzieho stravovacieho zariadenia. Schematické zobrazenie účtovania. 
610 2 0 |a účtovanie 
610 2 0 |a stravovanie zamestnancov 
610 2 0 |a zariadenia stravovacie 
100 1 |a Hvoždarová, Jana